Teaching of politics (Record no. 368014)

000 -LEADER
fixed length control field 00419cam a22001457a 4500
008 - FIXED-LENGTH DATA ELEMENTS--GENERAL INFORMATION
fixed length control field 180718b1969 xxu||||| |||| 00| 0 eng d
082 ## - DEWEY DECIMAL CLASSIFICATION NUMBER
Classification number B208 H351
245 ## - TITLE STATEMENT
Title Teaching of politics
Statement of responsibility, etc. edited by D.B. Heater
260 ## - PUBLICATION, DISTRIBUTION, ETC.
Place of publication, distribution, etc. London
Name of publisher, distributor, etc. Methuen
Date of publication, distribution, etc. 1969
300 ## - PHYSICAL DESCRIPTION
Extent 213p.
440 ## - SERIES STATEMENT/ADDED ENTRY--TITLE
Title Modern teaching series
500 ## - GENERAL NOTE
General note 38/-
650 ## - SUBJECT ADDED ENTRY--TOPICAL TERM
Topical term or geographic name entry element Political science --Study and teaching --Great Britain
700 ## - ADDED ENTRY--PERSONAL NAME
Personal name Heter, D.B., ed.
Holdings
Withdrawn status Lost status Damaged status Not for loan Permanent Location Current Location Date acquired Full call number Barcode Date last seen Price effective from Koha item type
        Indian Institute of Public Administration Indian Institute of Public Administration 1994-05-19 B208 H351 44059 2018-07-21 2018-07-21 Book

Powered by Koha